[Event "12th KIIT International 2019"]
[Site "Odisha"]
[Date "2019.06.03"]
[Round "5.17"]
[White "Lugovskoy, Maxim"]
[Black "Arpita, Mukherjee"]
[Result "1/2-1/2"]
[WhiteElo "2451"]
[BlackElo "2196"]
[Annotator "ChessBase"]
[PlyCount "253"]
[EventDate "2019.05.31"]
[EventType "swiss"]
[EventCountry "IND"]
[SourceTitle "playchess.com"]
[Source "ChessBase"]
[SourceQuality "1"]
[TimeControl "5400+30"]

1. e4 {[%emt 0:00:00]} c5 {[%emt 0:00:00]} 2. Nf3 {[%emt 0:00:00]} d6 {[%emt 0:00:00]} 3. Bb5+ {[%emt 0:00:00]} Nd7 {[%emt 0:00:12]} 4. d4 {[%emt 0:00:00]} cxd4 {[%emt 0:00:16]} 5. Qxd4 {[%emt 0:00:00]} a6 {[%emt 0:00:09]} 6. Bxd7+ {[%emt 0:00:04]} Bxd7 {[%emt 0:00:05]} 7. c4 {[%emt 0:00:04]} Rc8 {[%emt 0:00:11]} 8. Nc3 {[%emt 0:00:22]} Qc7 {[%emt 0:01:21]} 9. Nd2 {[%emt 0:00:05]} e6 {[%emt 0:02:45]} 10. a4 {[%emt 0:00:14]} b6 {[%emt 0:00:47]} 11. O-O {[%emt 0:01:41]} Nf6 {[%emt 0:00:18]} 12. b3 {[%emt 0:00:24]} Be7 {[%emt 0:00:27]} 13. Ba3 {[%emt 0:01:44]} O-O {[%emt 0:02:14]} 14. Rac1 {[%emt 0:00:17]} Rfd8 {[%emt 0:04:27]} 15. Rfd1 {[%emt 0:14:17]} Qb8 {[%emt 0:05:16]} 16. Qd3 {[%emt 0:06:08]} Bc6 {[%emt 0:02:50]} 17. Qe2 {[%emt 0:01:22]} Bf8 {[%emt 0:08:45]} 18. Nf3 {[%emt 0:16:54]} Qa8 {[%emt 0:02:23]} 19. Re1 {[%emt 0:02:10]} Nd7 {[%emt 0:25:36]} 20. Nd4 {[%emt 0:00:18]} Bb7 {[%emt 0:00:38]} 21. f4 {[%emt 0:01:31]} e5 {[%emt 0:07:02]} 22. Nf5 {[%emt 0:01:08]} Nc5 {[%emt 0:04:07]} 23. Bxc5 {[%emt 0:04:47]} Rxc5 {[%emt 0:01:01]} 24. Qg4 {[%emt 0:06:14]} Kh8 {[%emt 0:02:56]} 25. Nd5 {[%emt 0:04:37]} Bxd5 {[%emt 0:03:32]} 26. exd5 {[%emt 0:00:07]} g6 {[%emt 0:01:18]} 27. Nh4 {[%emt 0:03:02]} Bh6 {[%emt 0:01:43]} 28. g3 {[%emt 0:01:10]} Qc8 {[%emt 0:00:38]} 29. Qf3 {[%emt 0:02:25]} exf4 {[%emt 0:02:47]} 30. gxf4 {[%emt 0:01:48]} Re8 {[%emt 0:00:21]} 31. Ng2 {[%emt 0:02:19]} b5 {[%emt 0:02:13]} 32. Rxe8+ {[%emt 0:01:12]} Qxe8 {[%emt 0:00:01]} 33. Re1 {[%emt 0:00:07]} Qd7 {[%emt 0:00:15]} 34. cxb5 {[%emt 0:05:30]} axb5 {[%emt 0:00:06]} 35. b4 {[%emt 0:00:39]} Rc4 {[%emt 0:01:59]} 36. a5 {[%emt 0:00:18]} Bg7 {[%emt 0:00:29]} 37. Kh1 {[%emt 0:04:12]} Bc3 {[%emt 0:01:14]} 38. Rf1 {[%emt 0:01:59]} Bxb4 {[%emt 0:01:25]} 39. a6 {[%emt 0:00:01]} Bc5 {[%emt 0:00:13]} 40. Qe2 {[%emt 0:03:18]} Qf5 {[%emt 0:07:06]} 41. a7 {[%emt 0:01:50]} Bxa7 {[%emt 0:00:48]} 42. Qe7 {[%emt 0:00:07]} h5 {[%emt 0:01:48]} 43. Qxa7 {[%emt 0:00:33]} Qxd5 {[%emt 0:00:05]} 44. Qf2 {[%emt 0:00:51]} b4 {[%emt 0:01:52]} 45. f5 {[%emt 0:03:05]} Qxf5 {[%emt 0:04:11]} 46. Qxf5 {[%emt 0:00:30]} gxf5 {[%emt 0:00:01]} 47. Ne3 {[%emt 0:00:17]} Rc5 {[%emt 0:01:25]} 48. Kg2 {[%emt 0:01:09]} b3 {[%emt 0:00:37]} 49. Rb1 {[%emt 0:00:41]} f4 {[%emt 0:00:18]} 50. Nd1 {[%emt 0:00:19]} Rc2+ {[%emt 0:00:09]} 51. Kg1 {[%emt 0:01:38]} Rd2 {[%emt 0:01:37]} 52. Nc3 {[%emt 0:03:26]} f3 {[%emt 0:01:16]} 53. Rxb3 {[%emt 0:01:44]} Rg2+ {[%emt 0:00:43]} 54. Kh1 {[%emt 0:00:06]} Rc2 {[%emt 0:00:21]} 55. Kg1 {[%emt 0:05:23]} Rg2+ {[%emt 0:00:02]} 56. Kf1 {[%emt 0:00:13]} Rxh2 {[%emt 0:00:08]} 57. Ne4 {[%emt 0:00:03]} Kg7 {[%emt 0:01:16]} 58. Nxd6 {[%emt 0:00:20]} Rd2 {[%emt 0:00:30]} 59. Ne4 {[%emt 0:00:36]} Rd4 {[%emt 0:00:20]} 60. Ng5 {[%emt 0:00:12]} Kg6 {[%emt 0:00:24]} 61. Nxf3 {[%emt 0:00:03]} Ra4 {[%emt 0:00:19]} 62. Kg2 {[%emt 0:00:11]} f6 {[%emt 0:00:06]} 63. Kh3 {[%emt 0:00:27]} Rc4 {[%emt 0:00:24]} 64. Nh4+ {[%emt 0:00:37]} Kg5 {[%emt 0:00:31]} 65. Rb5+ {[%emt 0:00:03]} Kh6 {[%emt 0:00:08]} 66. Nf5+ {[%emt 0:00:42]} Kg6 {[%emt 0:00:24]} 67. Ne7+ {[%emt 0:00:04]} Kf7 {[%emt 0:00:47]} 68. Nd5 {[%emt 0:00:05]} Rd4 {[%emt 0:00:42]} 69. Kg3 {[%emt 0:00:08]} Rg4+ {[%emt 0:00:35]} 70. Kf3 {[%emt 0:00:13]} Rg5 {[%emt 0:01:00]} 71. Rb7+ {[%emt 0:00:04]} Ke6 {[%emt 0:00:16]} 72. Nf4+ {[%emt 0:00:13]} Kd6 {[%emt 0:00:12]} 73. Ke4 {[%emt 0:01:53]} Re5+ {[%emt 0:00:22]} 74. Kd4 {[%emt 0:00:02]} Kc6 {[%emt 0:00:01]} 75. Rh7 {[%emt 0:00:36]} Ra5 {[%emt 0:00:18]} 76. Rh6 {[%emt 0:00:28]} Ra4+ {[%emt 0:00:25]} 77. Ke3 {[%emt 0:00:02]} Ra3+ {[%emt 0:00:05]} 78. Nd3 {[%emt 0:00:15]} Kd5 {[%emt 0:00:07]} 79. Rxh5+ {[%emt 0:00:11]} f5 {[%emt 0:00:05]} 80. Rxf5+ {[%emt 0:00:42]} Ke6 {[%emt 0:00:05]} 81. Rb5 {[%emt 0:00:37]} Ra1 {[%emt 0:00:49]} 82. Ke4 {[%emt 0:00:24]} Kd6 {[%emt 0:00:48]} 83. Rb6+ {[%emt 0:00:16]} Kc7 {[%emt 0:00:10]} 84. Rh6 {[%emt 0:00:13]} Ra5 {[%emt 0:00:58]} 85. Kd4 {[%emt 0:00:25]} Rg5 {[%emt 0:00:07]} 86. Nb4 {[%emt 0:00:37]} Rg1 {[%emt 0:00:30]} 87. Nd5+ {[%emt 0:00:43]} Kd7 {[%emt 0:00:07]} 88. Nc3 {[%emt 0:00:11]} Rg5 {[%emt 0:00:17]} 89. Ke4 {[%emt 0:01:05]} Rg1 {[%emt 0:00:16]} 90. Nb5 {[%emt 0:00:22]} Rg4+ {[%emt 0:00:48]} 91. Kd5 {[%emt 0:00:56]} Rg5+ {[%emt 0:00:07]} 92. Kc4 {[%emt 0:00:01]} Rg1 {[%emt 0:00:57]} 93. Rh7+ {[%emt 0:02:53]} Ke6 {[%emt 0:00:09]} 94. Nd4+ {[%emt 0:00:10]} Kf6 {[%emt 0:00:10]} 95. Ra7 {[%emt 0:00:51]} Rg5 {[%emt 0:01:16]} 96. Ra6+ {[%emt 0:00:13]} Ke7 {[%emt 0:00:03]} 97. Nc6+ {[%emt 0:00:15]} Kf7 {[%emt 0:00:10]} 98. Kd4 {[%emt 0:00:04]} Rb5 {[%emt 0:00:44]} 99. Ke4 {[%emt 0:01:43]} Rb1 {[%emt 0:00:49]} 100. Ne5+ {[%emt 0:00:26]} Ke7 {[%emt 0:00:10]} 101. Nf3 {[%emt 0:00:28]} Rb5 {[%emt 0:00:28]} 102. Nd4 {[%emt 0:00:08]} Rh5 {[%emt 0:00:26]} 103. Nf5+ {[%emt 0:00:03]} Kd7 {[%emt 0:00:18]} 104. Rf6 {[%emt 0:00:48]} Rh1 {[%emt 0:01:00]} 105. Kd5 {[%emt 0:00:06]} Rd1+ {[%emt 0:00:04]} 106. Nd4 {[%emt 0:00:01]} Ke7 {[%emt 0:00:05]} 107. Rf3 {[%emt 0:00:13]} Rd2 {[%emt 0:01:45]} 108. Ke5 {[%emt 0:00:22]} Rg2 {[%emt 0:00:37]} 109. Ra3 {[%emt 0:00:07]} Rg5+ {[%emt 0:00:12]} 110. Nf5+ {[%emt 0:00:04]} Kd7 {[%emt 0:00:09]} 111. Ra7+ {[%emt 0:00:48]} Kc6 {[%emt 0:00:10]} 112. Rf7 {[%emt 0:00:02]} Rg1 {[%emt 0:00:14]} 113. Nd4+ {[%emt 0:00:05]} Kb6 {[%emt 0:00:18]} 114. Kd5 {[%emt 0:00:16]} Rg5+ {[%emt 0:00:22]} 115. Kd6 {[%emt 0:01:19]} Rg6+ {[%emt 0:00:07]} 116. Ne6 {[%emt 0:00:01]} Rg1 {[%emt 0:00:01]} 117. Rf4 {[%emt 0:00:11]} Rd1+ {[%emt 0:00:11]} 118. Nd4 {[%emt 0:00:01]} Rg1 {[%emt 0:00:29]} 119. Rf2 {[%emt 0:01:03]} Rb1 {[%emt 0:00:39]} 120. Rf8 {[%emt 0:01:15]} Kb7 {[%emt 0:00:40]} 121. Rh8 {[%emt 0:02:17]} Rd1 {[%emt 0:01:08]} 122. Kd5 {[%emt 0:00:43]} Rg1 {[%emt 0:00:12]} 123. Rh5 {[%emt 0:00:26]} Rg7 {[%emt 0:00:12]} 124. Nf5 {[%emt 0:00:25]} Rg1 {[%emt 0:00:12]} 125. Nd6+ {[%emt 0:00:09]} Kb6 {[%emt 0:00:12]} 126. Nc4+ {[%emt 0:00:02]} Kb5 {[%emt 0:00:17]} 127. Ne5 {[%emt 0:00:28]} 1/2-1/2

[Event "12th KIIT International 2019"]
[Site "Odisha"]
[Date "2019.06.03"]
[Round "5.18"]
[White "Kumar, Gaurav"]
[Black "Das, Sayantan"]
[Result "1-0"]
[WhiteElo "2082"]
[BlackElo "2419"]
[Annotator "ChessBase"]
[PlyCount "121"]
[EventDate "2019.05.31"]
[EventType "swiss"]
[EventCountry "IND"]
[SourceTitle "playchess.com"]
[Source "ChessBase"]
[SourceQuality "1"]
[TimeControl "5400+30"]

1. e4 {[%emt 0:00:00]} d6 {[%emt 0:00:03]} 2. d4 {[%emt 0:00:00]} g6 {[%emt 0:00:17]} 3. Nf3 {[%emt 0:06:39]} Nf6 {[%emt 0:00:32]} 4. Nc3 {[%emt 0:00:31]} Bg7 {[%emt 0:00:15]} 5. Bc4 {[%emt 0:00:40]} O-O {[%emt 0:01:31]} 6. Qe2 {[%emt 0:04:45]} c6 {[%emt 0:15:33]} 7. h3 {[%emt 0:03:26]} b5 {[%emt 0:06:06]} 8. Bd3 {[%emt 0:02:42]} Nfd7 {[%emt 0:04:30]} 9. O-O {[%emt 0:07:37]} Bb7 {[%emt 0:06:31]} 10. a4 {[%emt 0:05:29]} b4 {[%emt 0:04:59]} 11. Nb1 {[%emt 0:01:10]} e5 {[%emt 0:09:12]} 12. dxe5 {[%emt 0:01:28]} dxe5 {[%emt 0:00:17]} 13. Bg5 {[%emt 0:06:19]} f6 {[%emt 0:03:14]} 14. Be3 {[%emt 0:01:18]} c5 {[%emt 0:07:07]} 15. a5 {[%emt 0:00:32]} a6 {[%emt 0:01:36]} 16. Nbd2 {[%emt 0:03:43]} Nc6 {[%emt 0:04:20]} 17. Nc4 {[%emt 0:00:34]} Qe7 {[%emt 0:00:10]} 18. c3 {[%emt 0:00:12]} Kh8 {[%emt 0:06:40]} 19. Bc2 {[%emt 0:00:46]} Rad8 {[%emt 0:07:22]} 20. Rfd1 {[%emt 0:02:05]} Ndb8 {[%emt 0:00:58]} 21. Nb6 {[%emt 0:07:09]} Rxd1+ {[%emt 0:00:30]} 22. Bxd1 {[%emt 0:00:30]} Rd8 {[%emt 0:03:36]} 23. Bb3 {[%emt 0:08:33]} Qd6 24. Qc4 {[%emt 0:06:17]} bxc3 {[%emt 0:09:33]} 25. bxc3 {[%emt 0:02:26]} Nxa5 {[%emt 0:00:43]} 26. Rxa5 {[%emt 0:00:29]} Qxb6 {[%emt 0:00:06]} 27. Rxc5 {[%emt 0:00:07]} Bc6 {[%emt 0:02:05]} 28. Rxe5 {[%emt 0:05:04]} Qb7 {[%emt 0:00:11]} 29. Rc5 {[%emt 0:02:36]} Bb5 {[%emt 0:03:12]} 30. Qe6 {[%emt 0:01:22]} Re8 {[%emt 0:01:23]} 31. Qf7 {[%emt 0:02:20]} Qxe4 {[%emt 0:01:35]} 32. Rc7 {[%emt 0:02:57]} Nd7 {[%emt 0:00:18]} 33. Rxd7 {[%emt 0:00:47]} Bxd7 {[%emt 0:00:02]} 34. Qxd7 {[%emt 0:00:11]} Rb8 {[%emt 0:01:01]} 35. Bd5 {[%emt 0:00:24]} Qe8 {[%emt 0:00:54]} 36. Qxe8+ {[%emt 0:02:51]} Rxe8 {[%emt 0:00:02]} 37. c4 {[%emt 0:03:26]} a5 {[%emt 0:00:38]} 38. c5 {[%emt 0:00:11]} f5 {[%emt 0:00:42]} 39. c6 {[%emt 0:04:07]} a4 {[%emt 0:00:47]} 40. Ng5 {[%emt 0:01:12]} h6 {[%emt 0:00:42]} 41. Nf7+ {[%emt 0:00:07]} Kh7 {[%emt 0:00:02]} 42. Nd6 {[%emt 0:01:37]} Re7 {[%emt 0:00:12]} 43. Nb5 {[%emt 0:01:44]} Be5 {[%emt 0:00:45]} 44. Bb6 {[%emt 0:02:16]} h5 {[%emt 0:00:40]} 45. c7 {[%emt 0:01:07]} Re8 {[%emt 0:00:08]} 46. Na7 {[%emt 0:01:28]} Bxc7 {[%emt 0:00:54]} 47. Bxc7 {[%emt 0:00:03]} a3 {[%emt 0:00:20]} 48. Nb5 {[%emt 0:00:48]} Re1+ {[%emt 0:00:17]} 49. Kh2 {[%emt 0:00:01]} Rc1 {[%emt 0:00:36]} 50. Bd6 {[%emt 0:01:05]} Rd1 {[%emt 0:00:20]} 51. Bc4 {[%emt 0:00:34]} a2 {[%emt 0:00:44]} 52. Bxa2 {[%emt 0:00:11]} Rd2 {[%emt 0:00:05]} 53. Be6 {[%emt 0:01:28]} Rb2 {[%emt 0:00:34]} 54. Nd4 {[%emt 0:00:14]} Rxf2 {[%emt 0:00:21]} 55. Nf3 {[%emt 0:00:49]} Re2 {[%emt 0:00:13]} 56. Be5 {[%emt 0:00:40]} Kh6 {[%emt 0:00:23]} 57. h4 {[%emt 0:00:33]} Re4 {[%emt 0:00:17]} 58. Bf7 {[%emt 0:00:17]} Ra4 {[%emt 0:00:28]} 59. g3 {[%emt 0:00:47]} Ra7 {[%emt 0:00:22]} 60. Bf4+ {[%emt 0:00:06]} Kg7 {[%emt 0:00:15]} 61. Ne5 {[%emt 0:00:03]} 1-0

[Event "12th KIIT International 2019"]
[Site "Odisha"]
[Date "2019.06.03"]
[Round "5.19"]
[White "Rakesh Kumar Jena"]
[Black "Patil, Pratik"]
[Result "1/2-1/2"]
[WhiteElo "2411"]
[BlackElo "2184"]
[Annotator "TA"]
[PlyCount "51"]
[EventDate "2019.05.31"]
[EventType "swiss"]
[EventCountry "IND"]
[SourceTitle "playchess.com"]
[Source "ChessBase"]
[SourceQuality "1"]

{[%evp 15,51,-1,0,-11,6,-2,-11,-58,-65,-54,-53,-139,-131,-124,-126,-121,-43,-125,-119,-156,-121,-117,-124,-152,-151,-158,-72,-72,-64,-62,-61,-58,0,0,0,0,0,-67]} 1. d4 Nf6 2. Bf4 g6 3. Nc3 d5 4. e3 Bg7 5. Nf3 O-O 6. Be2 c6 7. Ne5 Nbd7 8. h4 Nxe5 9. Bxe5 {D00: 1 d4 d5: Unusual lines} Ne4 10. Nxe4 {Hoping for Bxg7.} Bxe5 11. Nc3 $146 ({Predecessor:} 11. dxe5 dxe4 12. Qxd8 Rxd8 13. Rd1 Rxd1+ 14. Kxd1 Be6 15. Kc1 f6 16. exf6 exf6 {½-½ (31) Varun,V (2171)-Thakur,A (2332) Nagpur 2015}) 11... Bg7 12. f4 {[#]} e5 $1 {[%mdl 512]} 13. Qd2 (13. fxe5 $15 f6 14. e6) (13. dxe5 f6) 13... exd4 $17 14. exd4 Re8 15. O-O-O Bf5 (15... b5 $17 {White must now prevent ...b4.} 16. Bf3 h5) 16. Bf3 (16. g4 $15 Bd7 17. h5) 16... h5 17. Ne2 Qd7 18. Kb1 Re7 19. Rdf1 Rae8 20. Ng3 Re3 (20... Bg4 $142 21. c3 Re3) 21. Nxf5 Qxf5 22. g3 Qf6 23. c3 Qf5+ ({Black should play} 23... Qe6 $15) 24. Qc2 $11 {The position is equal.} Qxc2+ 25. Kxc2 f5 26. Kb1 {Accuracy: White = 33%, Black = 49%.} ({White should try} 26. a4 $11) 1/2-1/2

[Event "12th KIIT International 2019"]
[Site "Odisha"]
[Date "2019.06.04"]
[Round "6.1"]
[White "Neverov, Valeriy"]
[Black "Amonatov, Farrukh"]
[Result "1/2-1/2"]
[WhiteElo "2495"]
[BlackElo "2624"]
[Annotator "TA"]
[PlyCount "55"]
[EventDate "2019.05.31"]
[EventType "swiss"]
[EventCountry "IND"]
[SourceTitle "playchess.com"]
[Source "ChessBase"]
[SourceQuality "1"]

{[%evp 18,55,41,17,25,35,36,31,43,66,42,18,37,55,67,42,48,0,66,0,0,0,0,0,0,0,0,0,0,0,0,0,0,0,0,0,0,0,0,-1]} 1. d4 Nf6 2. Nf3 g6 3. g3 Bg7 4. Bg2 O-O 5. O-O d6 6. b3 Nbd7 7. Bb2 c5 8. c4 Rb8 9. Nc3 a6 10. e4 cxd4 {E65: King's Indian: Fianchetto: 6...c5 7 0-0 without d5 by White} 11. Nxd4 Nc5 12. Re1 (12. Qd2 h5 13. Rad1 h4 14. gxh4 Nh5 15. Nde2 Bg4 16. f3 Bd7 17. Ng3 b5 18. Nxh5 gxh5 19. cxb5 Bxb5 20. Nxb5 Bxb2 21. Qxb2 Rxb5 {1-0 (33) Demidov,M (2523)-Chos,A (2317) Sochi 2017}) 12... Bd7 {White is slightly better.} 13. b4 Ne6 14. Nd5 Rc8 $146 ({Predecessor:} 14... Nc7 15. Rc1 Ng4 16. Nb6 Ne5 17. Nxd7 Qxd7 {0-1 (68) Horvath,S (2286)-Havanecz,B (2049) Hungary 2012}) 15. Rc1 b5 16. Nxe6 Bxe6 17. c5 dxc5 (17... Nxd5 $1 $11 18. Bxg7 Ne3 19. Rxe3 Kxg7) 18. bxc5 ({White should play} 18. Bxf6 $1 $14 Bxf6 19. bxc5) 18... Nxd5 $1 $11 {The position is equal.} 19. Bxg7 Ne3 $1 {[%cal Re3d1]} 20. Qe2 Kxg7 ({Much worse is} 20... Nxg2 21. Red1 $14) 21. Qxe3 Bxa2 22. Ra1 Bc4 23. Rxa6 Qd3 24. Qxd3 Bxd3 25. c6 b4 26. Rb6 Rb8 27. Rxb8 $1 Rxb8 28. Bf1 {Accuracy: White = 80%, Black = 72%.} 1/2-1/2

[Event "12th KIIT International 2019"]
[Site "Odisha"]
[Date "2019.06.04"]
[Round "6.2"]
[White "Iturrizaga Bonelli, Eduardo"]
[Black "Shyaamnikhil P"]
[Result "1/2-1/2"]
[WhiteElo "2637"]
[BlackElo "2434"]
[Annotator "TA"]
[PlyCount "60"]
[EventDate "2019.05.31"]
[EventType "swiss"]
[EventCountry "IND"]
[SourceTitle "playchess.com"]
[Source "ChessBase"]
[SourceQuality "1"]

{[%evp 16,60,12,6,13,15,15,0,6,0,0,0,0,0,0,0,0,0,0,0,0,0,33,31,35,0,0,0,0,0,0,0,0,0,0,0,0,0,0,0,0,0,0,0,0,0,20]} 1. c4 e5 2. g3 c6 3. Nf3 e4 4. Nd4 Nf6 5. Nc3 Qb6 6. Nb3 d5 7. cxd5 a5 8. a4 cxd5 9. Bg2 $1 Na6 {A23: English Opening: 1...e5 2 Nc3 Nf6 3 g3 c6} (9... d4 10. Nb5 Nc6 11. d3 Bb4+ 12. Bd2 e3 13. fxe3 dxe3 14. Bc3 Ng4 15. O-O O-O 16. Qe1 Bd7 17. d4 {1-0 (41) Savchenko,B (2563)-Rakotomaharo,F (2415) Budapest 2018}) 10. O-O Nc5 11. Nxc5 $146 ({Predecessor:} 11. Nd4 Be7 12. d3 O-O 13. dxe4 dxe4 14. Qc2 Rd8 15. Ndb5 Bf5 16. Bg5 Bg6 17. Be3 Ng4 18. Bxc5 Bxc5 19. e3 Bxe3 20. fxe3 Qxe3+ 21. Kh1 Rd2 {0-1 (21) Cisnero,J (2043)-Epiney,F (2045) IECG email 2002}) 11... Bxc5 12. d3 O-O 13. Bg5 e3 $1 {[%cal Re3f2]} 14. f4 d4 15. Bxf6 Qxf6 16. Ne4 Qb6 17. Nxc5 Qxc5 18. Qb3 Qh5 19. Bf3 Bg4 20. Rac1 (20. f5 $5) 20... Bxf3 {The position is equal.} 21. Rxf3 Rac8 22. Rxc8 Rxc8 23. Qxb7 $11 {[%cal Rb7c8][%mdl 4096] [#] Endgame KQR-KQR} Qh3 {( -> ...Rc1+)} 24. Rf1 {Strongly threatening f5.} h5 25. Qd5 Rc2 26. Re1 Qg4 27. Kf1 (27. Qxa5 Rxe2 28. Rf1 Rc2 $19) 27... Qh3+ 28. Kg1 Qg4 29. Kf1 ({Don't blunder} 29. Qxa5 $2 Rxe2 30. Qa8+ {[#]} Kh7 $1 $19 {[%mdl 512]}) 29... Qh3+ 30. Kg1 h4 {Accuracy: White = 86%, Black = 80%.} 1/2-1/2

[Event "12th KIIT International 2019"]
[Site "Odisha"]
[Date "2019.06.04"]
[Round "6.3"]
[White "Vasquez Schroeder, Rodrigo"]
[Black "Turov, Maxim"]
[Result "1/2-1/2"]
[WhiteElo "2476"]
[BlackElo "2579"]
[Annotator "TA"]
[PlyCount "58"]
[EventDate "2019.05.31"]
[EventType "swiss"]
[EventCountry "IND"]
[SourceTitle "playchess.com"]
[Source "ChessBase"]
[SourceQuality "1"]

{[%evp 19,58,41,27,20,49,48,44,35,51,49,48,35,49,35,40,43,39,39,34,35,34,0,0,0,4,2,8,0,21,0,0,0,-6,-9,0,0,0,-4,37,37,50]} 1. Nf3 Nf6 2. c4 g6 3. g3 Bg7 4. Bg2 O-O 5. O-O c5 6. d4 cxd4 7. Nxd4 Nc6 8. Nc3 Qa5 9. Nc2 d6 10. Bd2 Qh5 11. e4 {A38: Symmetrical English vs ...g6: 4 Bg2 Bg7 5 Nf3 Nf6} Qxd1 (11... Ng4 12. h3 Nge5 13. Qxh5 gxh5 14. Ne3 Bxh3 15. f4 Bxg2 16. Kxg2 Ng4 17. Nf5 Bxc3 18. Bxc3 e6 19. Nxd6 {½-½ (33) Gledura,B (2613)-Markus,R (2617) Budapest 2017}) 12. Raxd1 Bg4 13. f3 Be6 14. b3 Rfc8 15. Nd5 Nd7 16. Be3 a6 17. Nb6 Nxb6 18. Bxb6 a5 $146 ({Predecessor:} 18... Ne5) 19. a4 $1 Ne5 20. Na3 (20. f4 $5 {[%cal Rf4e5]} Nd7 21. Bd4 $11) 20... Nd7 21. Be3 Nc5 22. Bxc5 Rxc5 23. f4 Rb8 24. Rf2 g5 25. Nb5 gxf4 26. gxf4 b6 27. Rd3 Bd7 28. Nc3 Bc6 29. Nd5 Bxd5 {Accuracy: White = 71%, Black = 61%.} 1/2-1/2

[Event "12th KIIT International 2019"]
[Site "Odisha"]
[Date "2019.06.04"]
[Round "6.4"]
[White "Rathanvel, V S"]
[Black "Debashis, Das"]
[Result "1/2-1/2"]
[WhiteElo "2314"]
[BlackElo "2544"]
[Annotator "TA"]
[PlyCount "50"]
[EventDate "2019.05.31"]
[EventType "swiss"]
[EventCountry "IND"]
[SourceTitle "playchess.com"]
[Source "ChessBase"]
[SourceQuality "1"]

{[%evp 9,50,43,53,49,43,36,54,44,41,26,27,26,45,10,4,0,24,24,24,15,9,12,26,7,18,2,2,2,2,0,0,0,0,2,10,10,14,14,2,4,9,10,16]} 1. e4 d5 2. exd5 Qxd5 3. Nc3 Qd6 4. d4 Nf6 5. Nf3 c6 6. g3 {B01: Scandinavian Defence} Bf5 7. Bg2 h6 8. O-O {White is slightly better.} e6 9. Ne2 Nbd7 $146 ({Predecessor:} 9... Qc7 10. c4 Nbd7 11. Nc3 Bd6 12. c5 Be7 13. Nd2 Rd8 {1-0 (50) Leko,P (2705)-Horvath,C (2519) Civitanova Marche 2016}) 10. c4 Be7 11. b3 O-O 12. Bb2 Rfd8 13. Nc3 Ne4 14. Qe2 Nxc3 15. Bxc3 a5 16. Rfd1 Qc7 {The position is equal.} 17. d5 cxd5 18. Nd4 $1 {[%cal Rd4f5]} Bf6 19. Nb5 Qc5 20. cxd5 {Threatening Rac1.} Bxc3 21. Rac1 Bg4 22. Qxg4 Qxb5 23. Rxc3 {[#] Black must now prevent a4.} Nf6 24. Qc4 Qb4 25. Rcd3 exd5 {Accuracy: White = 50%, Black = 76%.} 1/2-1/2

[Event "12th KIIT International 2019"]
[Site "Odisha"]
[Date "2019.06.04"]
[Round "6.5"]
[White "Burmakin, Vladimir"]
[Black "Dang, Hoang Son"]
[Result "1/2-1/2"]
[WhiteElo "2526"]
[BlackElo "2320"]
[Annotator "TA"]
[PlyCount "60"]
[EventDate "2019.05.31"]
[EventType "swiss"]
[EventCountry "IND"]
[SourceTitle "playchess.com"]
[Source "ChessBase"]
[SourceQuality "1"]

{[%evp 11,60,25,8,13,22,16,55,43,87,16,22,15,110,106,104,106,113,103,149,119,141,123,148,148,133,142,158,143,141,130,127,130,138,135,131,137,149,115,127,53,68,40,41,39,54,45,37,0,0,0,0]} 1. d4 g6 2. Nf3 Bg7 3. g3 Nf6 4. Bg2 O-O 5. O-O d6 6. a4 Na6 7. Re1 {A49: 1 d4 Nf6 2 Nf3 g6 3 g3: Anti-King's Indian systems} c5 (7... Bf5 8. Nbd2 d5 9. c3 c5 10. Qb3 Qc8 11. Ne5 e6 12. e3 Nd7 13. e4 Nxe5 14. dxe5 dxe4 15. Nxe4 Bxe5 {1-0 (43) Venkatesh,M (2499)-Demchenko,A (2670) Pontevedra 2018}) 8. d5 Bf5 9. Nbd2 {White is slightly better.} e5 $146 ({Predecessor:} 9... Be4 10. Nxe4 Nxe4 11. Qd3 Nf6 12. e4 Nd7 13. h4 Nc7 14. c3 b6 15. Bg5 {1-0 (40) Epishin,V (2543)-Schmid,T (2252) Travemuende 2011}) 10. dxe6 ({Better is} 10. e4 $16 Bc8 11. b3) 10... Bxe6 $11 11. Ng5 Qe7 (11... Bc8 $11 {keeps the balance.}) 12. Nxe6 $16 fxe6 13. e4 Rad8 14. c3 Qf7 15. Nf3 h6 16. Qe2 Nd7 17. Bf4 e5 {[#]} 18. Be3 $1 Nf6 19. Nd2 Nc7 20. Qc4 Ng4 21. Qxf7+ Kxf7 22. Nc4 Nxe3 23. Rxe3 Ke7 24. Rf1 h5 25. f4 (25. Rd3 $16) 25... b6 26. Ref3 exf4 27. gxf4 d5 28. exd5 Nxd5 29. Ne3 Nxe3 30. Rxe3+ Kf6 {Accuracy: White = 63%, Black = 32%.} 1/2-1/2